00255nam a22000977a 450000500170000000800410001702000150005804000080007324500480008126000280012920200918103028.0200918b ||||| |||| 00| 0 eng d a0435961306 cCML aThird World Lives of Struggle.cJohnson, H. aLondonbHeinemannc1982